000 00479nam a22001577a 4500
005 20240212082227.0
008 240212b |||||||| |||| 00| 0 eng d
041 _aAfrikaans
082 _a349 TYD
100 _lAfrikaans
245 _aTydskrif vie Hedendaagse Romeins-Hollandse Reg :
260 _aDurban :
_bButterworth Publishers (Pty) Ltd,
_c1984
300 _b125 pages ;
_c25 cm.
650 _aLegal practice
_bLaw
942 _cBK
_6ALISON_BN_VRIES
999 _c1336
_d1336